| 000 | 00856cam a2200301Mu 4500 | ||
|---|---|---|---|
| 001 | 94588 | ||
| 005 | 20230411090052.0 | ||
| 008 | 070115s2006 it 000 0 ita d | ||
| 035 | _a(OCoLC)ocn635643960 | ||
| 040 |
_aSzZUIDS _bger _cCHVBK |
||
| 020 | _a8842062588 | ||
| 020 | _a9788842062585 | ||
| 029 | 0 |
_aCHVBK _b103944273 |
|
| 035 | _a(OCoLC)635643960 | ||
| 041 | 1 |
_aita _heng |
|
| 049 | _aGRAL | ||
| 100 | 1 |
_aBauman, Zygmunt, _d1925- |
|
| 245 | 1 | 0 |
_aDentro la globalizzazione : _ble conseguenze sulle persone / _cZygmunt Bauman ; traduzione di Oliviero Pesce. |
| 250 | _a9a ed. | ||
| 260 |
_aRoma ; _aBari : _bEditori Laterza, _c2006. |
||
| 300 | _a152 p. | ||
| 490 | 0 |
_aEconomica Laterza ; _v211 |
|
| 500 | _aOriginaltitel: Globalization. | ||
| 653 | _aCambiamento sociale | ||
| 942 |
_2lcc _cbk |
||
| 994 |
_aC0 _bDRFGD |
||
| 946 | _aJP | ||
| 999 |
_c111933 _d111933 |
||